MDQL
is popping MORE tags! Check the
thread
!
Quizzes
Events
Quiz Creation
Community
Videos
Private Events
Remove Ads
Sign In
Join for FREE
Feedback
Dark Mode
Quiz Categories
Sports
Geography
Music
Movies
Television
Just For Fun
Miscellaneous
History
Literature
Language
Science
Gaming
Entertainment
Religion
Holiday
For Kids
Quiz Lab
Recent
Popular Today
Quiz Kudos Today
Editor Picks
Curator Picks
Quizzes by...
Day
Popularity
Type
Ratings
Length
Year
Community
Subscriptions
Recent Discussions
Orange Saloon
Badges
Playlists
Quests
Create
Leaderboards
Showdown
Live 5
Trivia Bingo
Activity
Puzzle Library
Sporcle Events
Private Events
Virtual Trivia
Globe League
Become a Host
Pub Owners
SporcleCon
Opinionation
Our Games
Videos
Blog
Mobile Apps
Partnerships
Remove Ads and Go Orange
Feedback
Geography
Country
Landmarks
City
State
Population
World
Capital
Continent
Flags
Europe
Africa
Asia
South America
North America
Oceania
Border
Canada
United Kingdom
Topography
United States
Geography
Country
Landmarks
City
State
Population
World
Capital
Continent
Flags
Europe
Africa
Asia
South America
North America
Oceania
Border
Canada
United Kingdom
Topography
United States
Random Quiz
Search Sporcle
×
Quiz Lab
Quiz Lab
Geography
China
Type in answers that appear in a list
Type in answers that appear in a list
Classic
Best Score? Go Orange.
China: Provinces Stats
Can you name the China: Provinces?
By
Omgimabird
5m
31 Questions
645 Plays
645 Plays
645 Plays
Comments
Comments
Give Quiz Kudos
Give Quiz Kudos
-
- Ratings
hide this ad
More Info
Replay
Link that replays current quiz
Next Quiz
Link to next quiz in quiz playlist
You Got
0%
They Got
Avg Score
69%
Avg Friend Score
Upgrade to see
Score Distribution
Jump to the score distribution portion of the page
Score
0/31
Timer
05:00
0
Plays Today
% Correct
Beijing
86.6%
Xizang
85.6%
Hunan
84.3%
Hubei
81.4%
Hebei
80.3%
Shanghai
80.3%
Henan
79.3%
Sichuan
78.3%
Shanxi
77.2%
Xinjiang
75.2%
Heilongjiang
73.9%
Yunnan
73%
Shaanxi
72.4%
Fujian
71.3%
Anhui
70%
Guangxi
70%
% Correct
Tianjin
69.6%
Jiangsu
68.6%
Gansu
67.5%
Shandong
67.4%
Xianggang
67.4%
Jilin
67.4%
Liaoning
65.1%
Hainan
64.9%
Zhejiang
61.8%
Qinghai
61%
Jiangxi
59.5%
Ningxia
57.5%
Guizhou
55.9%
Guandong
52.2%
Neimenggu
40.4%
Quiz Playlist
Details
Report
Send in Message
Add To Playlist
More Info:
See if you can get theese : )
Classic:
Type in answers that appear in a list
Last Updated: Feb 16, 2017
Quiz Scoreboard
CHALLENGE
Sign Up to Join the Scoreboard
Show All
Scores
Hide
Comments
May contain spoilers
Recently Published
Colored Red Africa Blitz
by spor1
Geography
30s
Find the 'City' Movie
by crazypaving
Movies
60s
5x2 Blitz: Bands
by SL_Kpop136
Music
30s
More to Explore
Quiz From the Vault
Featured Blog Post
14 Easter Pick-up Lines to Find Eggs With
hide this ad
You Might Also Like...
Tags
China
Chinese Provinces
Province
Today's Top Quizzes in Geography
Browse Geography
hide this ad
Today's Top Quizzes in China
Browse China
Top Contributed Quizzes in Geography
1
Countries of the World - No Outlines Minefield
2
Colored Red Europe Blitz I
3
Colored Red Africa Blitz II
4
Colored Red Europe Blitz II
5
Colored Red Europe Blitz III
6
Colored Red Africa Blitz III
7
Colored Red States Blitz I
8
Colored Red States Blitz II
9
Colored Red States Blitz III
10
Blind Secret Country CLXXXIX
Explore More
Trending Topics
Disney
Marvel
Anime
NBA
Harry Potter
Kpop
Crossword
NFL
Soccer
Song
Country
Pokémon
Puzzle
The Office
WWE
hide this ad
More By:
Omgimabird
Quiz
Plays
Rating
Category
Featured
Created
Spain and Portugal: Cities
1,803
1.44
Geography
Dec 10, 2009
China: Provinces
645
2.00
Geography
Dec 10, 2009
Go to Creator's Profile
Score Distribution
Quiz Creator Spotlight
Omgimabird
Follow
Send a Message
Quizzes Created
-
Created Quiz Play Count
-
More By This Creator
Popular Quizzes Today
1
Find the 'City' Movie
2
Colored Red Africa Blitz
3
5x2 Blitz: Bands
4
Find the US States - No Outlines Minefield
5
The Countries of the World
6
Find the US States
7
9x9 Crossword: Cartoon Network
8
US States
More Geography Quizzes
Blitz: European Countries Ending in 'A'
Published
Trending Quizzes
Colored Red Europe Blitz I
Colored Red Africa Blitz II
Colored Red Africa Blitz III
Colored Red Europe Blitz III
Colored Red Europe Blitz II
Recently Updated
Champions League XIs: Real Madrid
pecheneg
Largest US Cities 1790-2010
pecheneg
Rides in Walt Disney World
pecheneg
Most Oscar Losses (Acting)
pecheneg
Beyoncé Albums
pecheneg
Leaping Animals
pecheneg
Reality TV Shows (A-Z)
bhenderson79
Rickey Henderson's Hall of Fame Teammates
pecheneg
Champions League XIs: Arsenal
pecheneg
Quick Pick: Celebrities in WWE's Hall of Fame
aduchscher
Trending Topics
Anime
NBA
Kpop
Marvel
Harry Potter
Disney
Crossword
Puzzle
WWE
Country
Soccer
The Office
Pokémon
NFL
Song
Your Account Isn't Verified!
In order to create a playlist on Sporcle, you need to verify the email address you used during registration. Go to your
Sporcle Settings
to finish the process.
Report this User
Report this user for behavior that violates our
Community Guidelines
.
Details:
Send Report
Go to the Sporcle.com Mobile Site →
Comments